01143agaaa2200265 45000010005000000030009000050050017000140070009000310080040000400400023000800410013001031000053001161300043001692450156002122500022003682600114003903000034005045080033005385200079005715380016006505460013006666500075006797000065007547000058008199616IT-RoPAU20220918181252.0d cvaizq50131s9999||||xx ||| | || ||und|| aIT-RoPAUcIT-RoPAU aITALIANO aCappellaro GiancarlogCodice regista SPICS: 9145 aNOSTRA MISSIONE IN AMERICA LATINA (LA) aNOSTRA MISSIONE IN AMERICA LATINA (LA)cDiretto da: Cappellaro GiancarlopNOSTRA MISSIONE IN AMERICA LATINA (LA) (Rif. Codice opera principale : B9616) aEdizione Standard aVICENZA (ITALIA)bI.S.G. AUDIOVISIVI / Distribuzione: I.S.G.g"1989 (1° ed.: 1989 ; Ed. Lingua Orig.: 1989)" aVHSbsonoro, col.c120 minuti a"Musica: Tognetti Achille; " aDOCUMENTARIO SULLA CONGREGAZIONE DELLE PICCOLE SUORE DELLA SACRA FAMIGLIA. aPAL, STEREO aITALIANO aDOCUMENTARIOeTV-PROGRAMMI RELIGIOSI [VHS]xCodice MATERIA SPICS: 9963 aCappellaro Giancarlo e(regista)gCodice regista SPICS: 9145 aTognetti Achillee(musica)gCodice Musica SPICS: 9227